000 00723nam a2200193 a 4500
008 060316s1995 ||||||||||||||||| || u
020 _a0750622717
050 _aTL 255 Rob
100 _aRobinson, Alan
245 1 0 _aVehicle body fitting and repair : NVQ levels 2 and 3 /
246 _aNVQ levels 2 and 3
260 _aBoston, Mass. :
_bBUTTERWORTH HEINEMANN
_c1995.
260 _aBoston, Mass. :
_bNewnes
_c1995.
350 _a0.00
500 _aIncludes index.
650 _aMOTOR VEHICLES - BODIES - MAINTENANCE AND REPAIR
700 _aRobinson, A. (Alan)
995 _D0.00
_FCBU-MAIN LIBRARY (Kitwe)
_H1
_I18.99
_M1
_UAVAILABLE
_ZAnnex Low-Usage Collection
999 _c61268
_d61268